Attack submarine
| Main Author: | |
|---|---|
| Format: | Book |
| Published: |
London :
Gloucester Press ,
1989
|
| Series: | Engineers at work
|
| Subjects: |
MARC
| LEADER | 00000cam a2200000 7i4500 | ||
|---|---|---|---|
| 001 | 0000005636 | ||
| 002 | 000006092 | ||
| 005 | 20000330.0 | ||
| 020 | |a 0863139701 | ||
| 090 | 0 | 0 | |a J 620 |b ENG |
| 100 | 1 | |a Graham, Ian | |
| 245 | 1 | 0 | |a Attack submarine |c Ian Graham |
| 260 | |a London : |b Gloucester Press , |c 1989 | ||
| 300 | |a 32p ; |c 29 cm. | ||
| 490 | 0 | |a Engineers at work | |
| 650 | 0 | 0 | |a Submarine |x Juvenile literature |
| 999 | |a 016118 |b BUKU |c JUNIOR REFERENCE |e PERPUSTAKAAN KOMUNITI PETALING JAYA | ||